Guess the Artist Based on Hints - Statistics

General Stats
  • This quiz has been taken 44 times
  • The average score is 16 of 25
Answer Stats
Description Artist % Correct
I moonwalked into history and wore a single glove. Michael Jackson
97%
I‘m the lead singer of Queen and known for my legendary vocals. Freddie Mercury
91%
I‘m known for my purple aesthetic and Purple Rain. Prince
86%
I went from The Fresh Prince to winning Grammys as a rapper. Will Smith
86%
My bandmates are Adam, Will, Guy, and Jonny - we wrote Viva La Vida. Chris Martin / Coldplay
83%
I‘m a piano man from New York and still standing after all these years. Elton John
83%
I‘m known for rapid-fire rap and Lose Yourself. Eminem
83%
I fronted Nirvana and shaped grunge. Kurt Cobain
83%
I‘m the vocal behind Rehab and an icon gone to soon. Amy Winehouse
80%
I „shook it off“ and re-recorded my old albums. Taylor Swift
80%
I lit up 2019 with Blinding Lights. The Weeknd
80%
I was Back in Black and thunderstruck audiences worldwide. AC/DC
77%
I brought „Sorry“ and Purpose to pop - started as a teen heartthrob. Justin Bieber
77%
I turned heartbreak into chart-topping ballads, especially on 21. Adele
74%
I made punk mainstream with American Idiot. Green Day / Billy Joe Armstrong
74%
I‘m the „Queen of Pop“ and reinvented myself across four decades. Madonna
74%
I‘m British, controversial, and dropped ÷ and =. Ed Sheeran
71%
My alter ego Sasha Fierce and I run the world. Beyoncé
63%
My band was bigger than Jesus (according to me). John Lennon
57%
My debut Born to Die made sadness glamorous. Lana Del Rey
34%
I helped invent rock-n-roll with a duckwalk. Chuck Berry
31%
I „woke up in a new Bugatti“ and helped define trap. Future
26%
My glittery boots stomped through glam rock. David Bowie
23%
I‘m the face of punk with spiky hair and snarling vocals. Sid Vicious / Johnny Rotten - The Sex Pistols
17%
I brought flamenco to the charts with El Mal Querer. ROSALÍA
11%
No matching quizzes found
Score Distribution
Percent of People with Each Score
Percentile by Number Answered
Your Score History
You have not taken this quiz